000 00784cam a22002653a 4500
001 20036
003 PGUSA
005 20140828083426.0
008 061207s2006||||xxu|||||s|||||000 1 eng d
040 _aPGUSA
_beng
042 _adc
050 4 _aPZ
100 1 _aNesbit, E.
_q(Edith),
_d1858-1924
245 1 0 _aFive Children and It
_h[electronic resource] /
_cE. Nesbit
260 _bProject Gutenberg,
_c2006
506 _aPublic domain in the USA.
516 _aElectronic text
653 _aFairies -- Fiction
653 _aGreat Britain -- History -- Edward VII, 1901-1910 -- Fiction
653 _aBrothers and sisters -- Fiction
653 _aWishes -- Fiction
830 0 _aProject Gutenberg
_v20036
856 4 0 _uhttp://www.gutenberg.org/ebooks/20036
942 _cEB
999 _c249291
_d249291